Ultraviolet radiation in Antarctica : measurements and biological effects /

This volume consolidates the wide range of research conducted in Antarctica since the late 1980s in the fields of ultraviolet radiation climatology and biological effects and provides an overview of research efforts by scientists from a number of research programs, since the discovery of the Antarct...

Full description

Bibliographic Details
Corporate Author: American Geophysical Union
Other Authors: Weiler, C. Susan, Penhale, Polly A.
Format: eBook
Language:English
Published: Washington, D.C. : American Geophysical Union, 1994.
Series:Antarctic research series ; v. 62.
Subjects:
Online Access:Connect to the full text of this electronic book

MARC

Tag First Indicator Second Indicator Subfields
LEADER 00000nam a2200000 a 4500
001 in00004681221
006 m o d
007 cr bn||||||abp
007 cr bn||||||ada
008 100712s1994 dcua ob 000 0 eng d
005 20260214201802.0
020 |a 9781118667941  |q (electronic bk.) 
020 |a 1118667948  |q (electronic bk.) 
020 |z 0875908411 
020 |z 9780875908410 
035 |a wil6007436 
035 |a (NhCcYBP)wil6007436 
040 |a NhCcYBP  |b eng  |c NhCcYBP 
042 |a dlr 
043 |a t------ 
050 4 |a QH84.2  |b .U515 1994 
050 4 |a G845  |b .A57 v.62 1994 
070 |a QH84.2  |b .U515 1994 
082 0 4 |a 574.98/9  |2 20 
084 |a 42.90  |2 bcl 
245 0 0 |a Ultraviolet radiation in Antarctica :  |b measurements and biological effects /  |c C. Susan Weiler, Polly A. Penhale, editors. 
260 |a Washington, D.C. :  |b American Geophysical Union,  |c 1994. 
300 |a 1 online resource (xii, 257 pages) :  |b illustrations 
336 |a text  |b txt  |2 rdacontent 
337 |a computer  |b c  |2 rdamedia 
338 |a online resource  |b cr  |2 rdacarrier 
490 1 |a Antarctic research series ;  |v v. 62 
504 |a Includes bibliographical references. 
505 0 |a Effects of ozone depletion on the ultraviolet radiation environment at the Australian stations in Antarctica / C.R. Roy [and others] -- The United States National Science Foundation's polar network for monitoring ultraviolet radiation / Charles R. Booth [and others] -- Radiation amplification factors : improved formulation accounts for large increases in ultraviolet radiation associated with Antarctic ozone depletion / Charles R. Booth, Sasha Madronich -- Solar ultraviolet irradiance at Palmer Station, Antarctica / John E. Frederick, Dan Lubin -- A method for mapping Antarctic surface ultraviolet radiation using multispectral satellite imagery / Dan Lubin [and others] -- Role of clouds and ozone on spectral ultraviolet-B radiation and biologically active UV dose over Antarctica / Catherine Gautier [and others] -- Ultraviolet tolerance mechanisms in Antarctic marine organisms / Deneb Karentz -- Ultraviolet radiation effects on cyanobacteria : implications for Antarctic microbial ecosystems / Warwick F. Vincent and Antonio Quesada. 
505 0 |a (Cont.) Effects of ultraviolet radiation on the photosynthesis of phytoplankton in the vicinity of McMurdo Station, Antarctica / Patrick J. Neale, Michael P. Lesser, John J. Cullen -- The response of Antarctic phytoplankton to ultraviolet radiation : absorption, photosynthesis, and taxonomic composition / Maria Vernet [and others] -- Marine primary production under the influence of the Antarctic ozone hole : Icecolors '90 / Barbara B. Prézelin and Nicholas P. Boucher, Ray C. Smith -- The impact of ultraviolet radiation on Phaeocystis and selected species of Antarctic marine diatoms / A.T. Davidson and H.J. Marchant -- Effects of ultraviolet radiation on Antarctic marine phytoplankton photosynthesis with particular attention to the influence of mixing / E. Walter Helbling, Virginia Villafañe, and Osmund Holm-Hansen -- Ultraviolet radiation and bottom-ice algae : laboratory and field studies from McMurdo Sound, Antarctica / K.G. Ryan, D. Beaglehole -- Potential effects of ultraviolet radiation on Antarctic primary terrestrial colonizers : cyanobacteria, algae, and cryptogams / D.D. Wynn-Williams. 
520 |a This volume consolidates the wide range of research conducted in Antarctica since the late 1980s in the fields of ultraviolet radiation climatology and biological effects and provides an overview of research efforts by scientists from a number of research programs, since the discovery of the Antarctic ozone hole. 
533 |a Electronic reproduction.  |b [Place of publication not identified] :  |c HathiTrust Digital Library,  |d 2010.  |5 MiAaHDL 
538 |a Master and use copy. Digital master created according to Benchmark for Faithful Digital Reproductions of Monographs and Serials, Version 1. Digital Library Federation, December 2002.  |u http://purl.oclc.org/DLF/benchrepro0212  |5 MiAaHDL 
583 1 |a digitized  |c 2010  |h HathiTrust Digital Library  |l committed to preserve  |2 pda  |5 MiAaHDL 
588 0 |a Print version record. 
650 0 |a Marine organisms  |x Effect of radiation on  |z Antarctica. 
650 0 |a Marine plankton  |x Effect of radiation on  |z Antarctica. 
650 0 |a Ultraviolet radiation  |x Physiological effect  |z Antarctica. 
650 0 |a Ultraviolet radiation  |z Antarctica  |x Measurement. 
650 0 |a Ultraviolet radiation  |x Physiological effect. 
650 0 |a Ultraviolet radiation  |x Measurement. 
655 4 |a Electronic books. 
700 1 |a Weiler, C. Susan. 
700 1 |a Penhale, Polly A. 
710 2 |a American Geophysical Union. 
776 0 8 |i Print version:  |w (DLC) 94001422 
830 0 |a Antarctic research series ;  |v v. 62. 
856 4 0 |u http://proxy.library.tamu.edu/login?url=https://onlinelibrary.wiley.com/book/10.1029/AR062  |z Connect to the full text of this electronic book  |t 0 
955 |a Wiley EBA record 
975 |p Wiley UBCM Full Collection 2026 
999 f f |s c777a908-2eee-493f-94e3-bebc9603dd3a  |i 2b593fa4-1263-405e-be96-9cf38b04c9c5  |t 0 
952 f f |a Texas A&M University  |b College Station  |c Electronic Resources  |s evans_pda  |d Available Online  |t 0  |e QH84.2 .U515 1994  |h Library of Congress classification 
998 f f |a QH84.2 .U515 1994  |t 0  |l Available Online